Normal view
MARC view
- Supervisor:Dr.Amir Rashid
Entry Personal Name
001 - CONTROL NUMBER
- control field: 124228
003 - CONTROL NUMBER IDENTIFIER
- control field: NUST
005 - DATE AND TIME OF LATEST TRANSACTION
- control field: 20240709111750.0
008 - FIXED-LENGTH DATA ELEMENTS
- fixed length control field: 240709|| aca||aabn | a|a d
040 ## - CATALOGING SOURCE
- Original cataloging agency: NUST
- Transcribing agency: NUST
100 ## - HEADING--PERSONAL NAME
- Personal name: Supervisor:Dr.Amir Rashid
670 ## - SOURCE DATA FOUND
- Source citation: Work cat.: (NUST)527998: Bashir, Qudsia 19506, Qualitative Expression Analysis of Interferon Alpha Receptor in Hcv Patients Resistant to Interferon Therapy /, 2015.
